Statistiken für Alle Alben von Die Ärzte

Klicken Sie hier um das Quiz zu spielen!

Allgemein

  • Dieses Quiz wurde 68 mal gespielt
  • Das Durchschnittsergebnis liegt bei 13 aus 28

Antwortstatistiken

JahrAlbumname% Korrekt
199813
88%
1986Die Ärzte
81%
2001Die Ärzte
81%
1995Planet Punk
73%
2012auch
71%
1984Debil
69%
2007Jazz ist anders
69%
1996Le Frisur
69%
1993Die Bestie in Menschengestalt
67%
2000Runter mit den Spendierhosen, Unsichtbarer!
58%
2003Geräusch
56%
1985Im Schatten der Ärzte
54%
2002Rock ’n’ Roll Realschule
48%
2006Bäst of
40%
1988Das ist nicht die ganze Wahrheit …
40%
1987Ab 18
38%
1989Die Ärzte früher!
38%
1999Wir wollen nur deine Seele
38%
1988Nach uns die Sintflut
33%
1987Ist das alles?
31%
1994Das Beste von kurz nach früher bis jetze
29%
20015, 6, 7, 8 – Bullenstaat!
27%
2013Die Nacht der Dämonen
21%
1999Satanische Pferde
15%
2018Seitenhirsch
15%
2019They’ve Given Me Schrott! – Die Outtakes
8%
2001Männer haben kein Gehirn
4%
2009Jazzfäst
2%

Verteilung der Resultate

Perzentil nach korrekt beantworteten Fragen

Anzahl Personen mit jedem Resultat

Ihre Resultats-Entwicklung

Sie haben dieses Quiz noch nicht gespielt